000 00301nam a22001337a 4500
020 _a978-923-83080-69-4
082 _a894.812.3
_bSAC/A
100 _aKANAGHARAGHAVAN
245 _aATHIMARAVUM THATHAYUM
260 _aTHRISSUR
_bH & C BOOKS
_c2022
300 _a48
520 _aSHORT STORY
942 _cBK
999 _c7629
_d7629